000 02338cam a22005414i 4500
003 PE-LiUPU
005 20250731165442.0
008 160412s2014 mx 000 0 spa d
020 _a6075192468
020 _a9786075192468
035 _a(Sirsi) i9786075192468
040 _aPEUPC
_bspa
_cPEUPC
_erda
_dPE-LiUPU
049 _aPRUA
082 0 4 _a001.42
_bM26
_220
100 1 _aMartínez Ruiz, Héctor,
_eautor
245 1 0 _aMetodología de la investigación /
_cHéctor Martínez Ruiz.
246 0 0 _aMetodología de la investigación:
_bcon enfoque por competencias
264 _aMéxico D.F. :
_bCengage Learning,
_c2014.
300 _a264 páginas :
_bilustraciones ;
_c 24 centímetros.
336 _text
_2rdacontent
337 _unmediated
_2rdamedia
338 _volume
_2rdacarrier
490 0 _aSexto semestre
504 _aBibliografía : página 253.
505 2 _aComprende la importancia de la investigación científica y su impacto social -- Interpreta el estudio del conocimiento y sus tipos -- Analiza la utilidad y las características de la metodología de la investigación -- Comprende los modeos de la investigación cualitativa y cuantitativa -- Diseña una metodología de investigación -- Elabora un marco teórico -- Redacta y sustenta bajo un estilo de referencia bibliográfica -- Compruebe su hipótesis; establece conclusiones y presenta análisis de resultados.
526 _aSEG44
526 _aSEG26
526 _aP151
526 _aP150
526 _aP149
526 _aP146
526 _aP145
526 _aP126
526 _aP125
526 _aP92
526 _aP75
526 _aP74
526 _aP27
526 _aP15
541 _g0020-0000903;
700 1 _aGuerreros Rosas, Pablo Miguel,
_eeditor.
700 1 _aOlguín Sarmiento, Gloria Luz,
_eeditor.
942 _2ddc
_cBOOK
949 _a001.42 M26
_wDEWEY
_c1
_i74080
_lCATALOGING
_mBUL
_p27.42
_r0
_sY
_tBOOK
_u2016-07-21
_xEDUCACION
_PP20
_0COMPRA
_o.STAFF. Colección General
994 _aC0
_bPEPRU
596 _a1
999 _a001.42 M26
_wDEWEY
_c11368
_i74080
_d11368
_e2018-10-16
_f2021-11-4
_g5
_lCCODEBUL1
_mBUL
_n11
_p27.42
_q1
_r0
_sY
_tBOOK
_u2016-7-21
_xBIBLIOTECA
_PP20
_0COMPRA
_o.STAFF. Colección General
980 _81
_gALBERTO SANCHEZ Responsable de Automatización